Emerging capital markets and globalization: the Latin American experience (Record no. 41738)
[ view plain ]
| 000 -LEADER | |
|---|---|
| fixed length control field | 00711nam a2200169 a 4500 |
| 008 - FIXED-LENGTH DATA ELEMENTS--GENERAL INFORMATION | |
| fixed length control field | 070320s2007 ||||||||||||||||| || u |
| 020 ## - INTERNATIONAL STANDARD BOOK NUMBER | |
| International Standard Book Number | 0821365436 |
| 050 ## - LIBRARY OF CONGRESS CALL NUMBER | |
| Classification number | HG 5160.5.A3 Tor |
| 100 ## - MAIN ENTRY--PERSONAL NAME | |
| Personal name | De La Torre, Augusto |
| 245 10 - TITLE STATEMENT | |
| Title | Emerging capital markets and globalization: the Latin American experience |
| Statement of responsibility, etc. | by Augusto de la Torre and Sergio L. Schmukler |
| 260 ## - PUBLICATION, DISTRIBUTION, ETC. | |
| Place of publication, distribution, etc. | Washington, D. C. |
| Name of publisher, distributor, etc. | World Bank |
| Date of publication, distribution, etc. | 2007 |
| 300 ## - PHYSICAL DESCRIPTION | |
| Extent | xviii;209p.; ill. |
| 350 ## - PRICE (NR) (BK AM CF MU VM SE) [OBSOLETE] | |
| Price | 0.00 |
| 650 ## - SUBJECT ADDED ENTRY--TOPICAL TERM | |
| Topical term or geographic name entry element | CAPITAL MARKET--LATIN AMERICA |
| 700 ## - ADDED ENTRY--PERSONAL NAME | |
| Personal name | Schmukler, Sergio L |
| 995 ## - RECOMMENDATION 995 [LOCAL, UNIMARC FRANCE] | |
| -- | 0.00 |
| -- | CBU-MAIN LIBRARY (Kitwe) |
| -- | 1 |
| -- | 0.00 |
| -- | 1 |
| -- | AVAILABLE |
| -- | Jan 10, 2008 |
| -- | Main Library Open Access Collection |
| Withdrawn status | Lost status | Source of classification or shelving scheme | Damaged status | Not for loan | Home library | Current library | Shelving location | Date acquired | Total Checkouts | Full call number | Barcode | Date last seen | Price effective from | Koha item type |
|---|---|---|---|---|---|---|---|---|---|---|---|---|---|---|
| CBU-MAIN LIBRARY, KITWE. | CBU-MAIN LIBRARY, KITWE. | 11/30/2022 | HG 5160.5.A3 Tor | 55210 | 11/30/2022 | 11/30/2022 | MONOGRAPH |